Catalog

Record Details

Catalog Search



Spider-Man versus the Lizard  Cover Image Book Book

Spider-Man versus the Lizard / by Susan Hill ; pictures by MADA Design, Inc.

Hill, Susan, 1942- (Author). MADA Design, Inc. (Added Author).

Summary:

"Spider-Man's newest enemy is big, green, and mean. Spider-Man thinks he has him all figured out. But there may be more to the Lizard than Spidey can imagine!"--P. 4 of cover.

Record details

  • ISBN: 9780061626203 (pbk.)
  • ISBN: 0061626201 (pbk.)
  • ISBN: 9780329761592 (BWI bdg.)
  • ISBN: 0329761595 (BWI bdg.)
  • Physical Description: 31 pages : color illustrations ; 23 cm.
  • Publisher: New York : HarperCollins, c2010.
Subject: Spider-Man (Fictitious character).
Superheroes > Juvenile fiction.
Readers (Elementary) > Juvenile fiction.
Picture books.

LDR 01278cam a2200325K 4500
001132496
003CONS
00520150409080054.0
008090629s2010 nyu j 000 0 eng d
020 . ‡a9780061626203 (pbk.)
020 . ‡a0061626201 (pbk.)
020 . ‡a9780329761592 (BWI bdg.)
020 . ‡a0329761595 (BWI bdg.)
035 . ‡a(CPomAG)LMN504017
05014. ‡aPZ7.H5574 ‡bSov 2010
1001 . ‡aHill, Susan, ‡d1942-
24510. ‡aSpider-Man versus the Lizard / ‡cby Susan Hill ; pictures by MADA Design, Inc.
2463 . ‡aSpider-Man vs. the Lizard
260 . ‡aNew York : ‡bHarperCollins, ‡cc2010.
300 . ‡a31 pages : ‡bcolor illustrations ; ‡c23 cm.
440 0. ‡aI can read! 2, reading with help
520 . ‡a"Spider-Man's newest enemy is big, green, and mean. Spider-Man thinks he has him all figured out. But there may be more to the Lizard than Spidey can imagine!"--P. 4 of cover.
650 0. ‡aSpider-Man (Fictitious character).
650 0. ‡aSuperheroes ‡vJuvenile fiction.
650 0. ‡aReaders (Elementary) ‡vJuvenile fiction.
650 1. ‡aPicture books.
7102 . ‡aMADA Design, Inc.
914 . ‡aSCP_ds
959 . ‡i32269000858673 ‡lE Hil ‡aJuvenile - Easy ‡tEasy ‡g14.00
852 . ‡p32269000858673 ‡jE Hil ‡gJuvenile - Easy ‡cEasy ‡y14.00 ‡bSBPL
901 . ‡a132496 ‡bUnknown ‡c132496 ‡tbiblio

Additional Resources